The Norway Quiz Stats

 Plays Quiz Updated Feb 5, 2018

Also try: The France Quiz
Challenge
Share
Tweet
Embed
Score 0/40 Timer 07:00
2 Plays Today
Hint Answer % Correct
Flag ColorWhite
98%
Flag ColorRed
97.9%
Flag ColorBlue
97.7%
Internet TLD.no
97.6%
Capital CityOslo
95.7%
Largest CityOslo
95.7%
Bordering CountrySweden
95.3%
Gained Independence FromSweden
95.2%
Bordering CountryFinland
93.1%
Official LanguageNorwegian (Bokmål and Nynorsk)
91.8%
Bordering SeaNorwegian Sea
91.6%
Nationality (Demonym)Norwegian
91.6%
Lowest Point (0 m)Norwegian Sea
91.4%
ContinentEurope
90.6%
Bordering CountryRussia
88.3%
Drives on the...Right
87.8%
Bordering OceanAtlantic Ocean
86.6%
Age of Suffrage18
84.4%
Country Occupied by in 1940-45Nazi Germany
81.1%
Largest AirportOslo Gardermoen
78%
Hint Answer % Correct
Bordering OceanArctic Ocean
75.9%
ReligionChurch of Norway
74.9%
Bordering SeaNorth Sea
73.7%
Number of Counties18
69.2%
CurrencyNorwegian Krone
64%
Official NameKingdom of Norway
62.8%
Largest ExportOil and Gas
50%
Second Largest CityBergen
49.9%
Third Largest CityTrondheim
37.7%
Year of Independence from Above1905
30.2%
Constitution DayMay 17th
28%
Prime MinisterErna Solberg
27.7%
MonarchHarald V
27.4%
House of ParliamentStortinget
21.1%
Bordering SeaBarents Sea
19.6%
National BirdDipper
17.5%
Highest Point (2,469 m)Galdhøpiggen
16%
MottoAlt for Norge
15.3%
Longest RiverGlomma River
13.4%
Largest IslandSpitsbergen
13%

You're not logged in!

Compare scores with friends on all Sporcle quizzes.
OR
Log In

You Might Also Like...

Show Comments

Extras

Top Quizzes Today


Score Distribution

Your Account Isn't Verified!

In order to create a playlist on Sporcle, you need to verify the email address you used during registration. Go to your Sporcle Settings to finish the process.

Report this User

Report this user for behavior that violates our Community Guidelines.

Details: